00550cam a22001337a 4500008004000000082002200040100002500062245005700087260005100144300001000195440006400205500010900269650003800378180718b2000 xxu||||| |||| 00| 0 eng d aA81x54 91/9/PT8/2 aCensus of India 1991 aHimachal Pradesh: special tables on scheduled tribes aShimlabDirectorate of Census Operationsc2000 a417p. aCensus of India 1991. Series-9, Himachal Pradesh. Part 8(2) aContents: ST-1, ST-2, ST-3, ST-4, ST-5, ST-6, ST-7, ST-8, ST-9, ST-10, ST-11, ST-12, ST-13, ST-14, ST-15 aIndia - Scheduled tribes - Census